LDR 00681naa#a2200181#i#450# 001 EN\FGKOU VO SPBU MVD ROSSII\bibl\106485 005 20260701065406.3 011 ## _a2071-8284 100 ## _a20260630b2026####ek#y0engy0150####ca 101 0# _aRUS 102 ## _aRU 200 1# _aMoney muling as a special form of aiding and abetting a cybercrime _eJournal article 210 1# _aSt. Petersburg _cSAINT-PETERSBURG UNIVERSITY OF THE MINISTRY OF INTERNAL AFFAIRS OF THE RUSSIAN FEDERATION _d2026 215 ## _a6 с. 608 ## _aJournal article _2local 675 ## _aСоучастие. Сообщничество. Сговор. 343.237 _zRUS 700 #1 _aKop'eva _gIrina Anatol'evna 856 4# _avestnikspbmvd.ru _u